Aktuálne problémy odpadového hospodárstva a ich vzťah k bezpečnosti elektrospotrebičov

Problematika odpadov z elektrických a elektronických zariadení. Zmeny v oblasti odpadového hospodárstva a ich dopad na bezpečnosť elektrospotrebičov. Regulácia opätovného použitia elektrických zariadení a požiadavky bezpečnosti a ochrany používateľov rekonštruovaných výrobkov.

Guardado en:
Detalles Bibliográficos
Autor principal: Knošková, Ľubica, 1965-
Otros Autores: Valent, Peter
Formato: Capítulo de libro
Lenguaje:eslovaco
Materias:
Etiquetas: Agregar Etiqueta
Sin Etiquetas, Sea el primero en etiquetar este registro!

MARC

LEADER 00000naa$a2200000$$$4500
001 0146479
005 20240530103214.8
041 0 |a slo 
044 |a SK 
245 1 0 |a Aktuálne problémy odpadového hospodárstva a ich vzťah k bezpečnosti elektrospotrebičov  |c Ľubica Knošková, Peter Valent 
520 |a Problematika odpadov z elektrických a elektronických zariadení. Zmeny v oblasti odpadového hospodárstva a ich dopad na bezpečnosť elektrospotrebičov. Regulácia opätovného použitia elektrických zariadení a požiadavky bezpečnosti a ochrany používateľov rekonštruovaných výrobkov. 
610 2 0 |a hospodárstvo odpadové 
610 2 0 |a odpad 
610 2 0 |a elektronika 
610 2 0 |a recyklácia odpadu 
610 2 0 |a elektronika spotrebná 
610 2 0 |a spracovanie odpadu 
610 2 0 |a politika environmentálna 
610 2 0 |a prostredie životné 
100 1 |a Knošková, Ľubica, 1965- 
700 1 |a Valent, Peter